00522nam a2200181 a 45000010010000000030011000100080041000210350026000620820018000881000022001062450021001282600042001496500012001919420012002039520090002159980020003059990015003250000-9172ELIB.Books110520 1955  a(ELIB.Books)0000-9324 a266.023 bTor aTorbet, Robert G. aVenture of Faith bPhiladelphia: The Judson Press c1955 aMission 2ddccBK 00102ddc4070aKBTSbKBTSd2011-05-20l0p1178r2022-01-22 00:00:00w2022-01-22yBK cbate2011-05-20 c9172d9172